Online
Catalog

El derecho administrativo sancionador para la protección del medio ambiente : (Record no. 18814)

MARC details
000 -CABECERA
campo de control de longitud fija 02061nam a2200265 a 4500
001 - NÚMERO DE CONTROL
campo de control 000019296
005 - FECHA Y HORA DE LA ÚLTIMA TRANSACCIÓN
campo de control 20250722140556.0
008 - DATOS DE LONGITUD FIJA--INFORMACIÓN GENERAL
campo de control de longitud fija 100601s2012 dr 001 0 spa d
020 ## - NÚMERO INTERNACIONAL ESTÁNDAR DEL LIBRO
Número Internacional Estándar del Libro 9789945164671
040 ## - FUENTE DE LA CATALOGACIÓN
Centro catalogador/agencia de origen DO-SdBNP
Lengua de catalogación spa
Centro/agencia transcriptor BNPHU
082 ## - NÚMERO DE LA CLASIFICACIÓN DECIMAL DEWEY
Número de clasificación 344.7293046
Número de documento/Ítem F363d
100 1# - ENTRADA PRINCIPAL--NOMBRE DE PERSONA
Nombre de persona Fernández Estrella, Aracelis Altagracia
9 (RLIN) 41493
245 10 - MENCIÓN DE TÍTULO
Título El derecho administrativo sancionador para la protección del medio ambiente :
Resto del título Análisis de los ordenamientos jurídicos español y dominicano /
Mención de responsabilidad, etc. Aracelis Altagracia Fernández Estrella.
260 ## - PUBLICACIÓN, DISTRIBUCIÓN, ETC.
Lugar de publicación, distribución, etc. Santo Domingo :
Nombre del editor, distribuidor, etc. Fundación Pellerano & Herrera,
Fecha de publicación, distribución, etc. 2012.
300 ## - DESCRIPCIÓN FÍSICA
Extensión 549 p. ;
Dimensiones 23 cm.
500 ## - NOTA GENERAL
Nota general Incluye referencias bibliográficas y notas al pie de las páginas.
504 ## - NOTA DE BIBLIOGRAFÍA, ETC.
Nota de bibliografía, etc. Bibliografía: p. 529-549
505 0# - NOTA DE CONTENIDO CON FORMATO
Información miscelánea Introducción --
Título Derecho Español:
-- Marco jurídico de la protección del medio ambiente. El derecho administrativo sancionador como instrumento de protección ambiental --
-- La responsabilidad administrativa por infracción ambiental. Los principios rectores del derecho administrativo sancionador y su aplicación en el ámbito del ordenamiento jurídico que protege el medio ambiente. El derecho administrativo sancionador como instrumento de protección ambiental --
-- El procedimiento sancionador: las garantías procesales aplicables a la actividad sancionadora administrativa --
-- El derecho penal del medio ambiente como cierre del sistema jurídico administrativo de protección ambiental --
-- Derecho Dominicano:
-- Marco jurídico de la protección del medio ambiente en el derecho dominicano. Especial referencia al derecho administrativo sancionador como técnica de protección ambiental --
-- El derecho administrativo sancionador en materia de medio ambiente en la República Dominicana --
Información miscelánea Bibliografía.
590 ## - NOTA LOCAL (RLIN)
Nota local Inventariado, 2018/LP
650 #0 - PUNTO DE ACCESO ADICIONAL DE MATERIA--TÉRMINO DE MATERIA
Término de materia o nombre geográfico como elemento de entrada Derecho administrativo
9 (RLIN) 41494
650 #4 - PUNTO DE ACCESO ADICIONAL DE MATERIA--TÉRMINO DE MATERIA
Término de materia o nombre geográfico como elemento de entrada Protección del medio ambiente
9 (RLIN) 4185
650 #4 - PUNTO DE ACCESO ADICIONAL DE MATERIA--TÉRMINO DE MATERIA
Término de materia o nombre geográfico como elemento de entrada Derecho ambiental
9 (RLIN) 38252
650 #0 - PUNTO DE ACCESO ADICIONAL DE MATERIA--TÉRMINO DE MATERIA
Término de materia o nombre geográfico como elemento de entrada Política ambiental
9 (RLIN) 7280
910 ## - DATOS DE OPCIÓN DEL USUARIO (OCLC)
Datos de opción del usuario Validado. Control de calidad EMS
Holdings
Estado de retiro Estado de pérdida Restricciones de uso No para préstamo Código de colección Localización permanente Ubicación/localización actual Ubicación en estantería Fecha de adquisición Número de inventario Total de préstamos Signatura topográfica completa Código de barras Fecha visto por última vez Número de copia Precio válido a partir de Tipo de ítem Koha
        Dominicana de Servicio General General Depósito 04.05.2011 LF1   344.7293046 F363d 19296-30 25.06.2020 e. 3 25.06.2020 Libro y Folleto Colección Dominicana de Servicio
      Excluido de préstamo Patrimonio Dominicano Patrimonio Dominicano Patrimonio Dominicano Depósito 01.06.2010 LF1   344.7293046 F363d 19296-10 25.06.2020   25.06.2020 Libro y Folleto Colección Patrimonio Dominicano
      Excluido de préstamo Patrimonio Dominicano Patrimonio Dominicano Patrimonio Dominicano Depósito 04.05.2011 LF1   344.7293046 F363d 19296-20 25.06.2020 e. 2 25.06.2020 Libro y Folleto Colección Patrimonio Dominicano

Powered by Koha